000 00308nam a22001337a 4500
008 170809b xxu||||| |||| 00| 0 eng d
020 _a3540168931
041 _aeng
080 _a004
100 _a35
101 _aSHKI
245 _aCATALOGUE OF ARTIFICIAL INTELLIGENCE TOOLS
_cBUNDY, A
942 _2udc
_cBK
999 _c22998
_d22998